[Event "POR-chB"]
[Site "Vila Real"]
[Date "2005.08.03"]
[Round "1"]
[White "Oliveira, Carlos Andre Ramalh"]
[Black "Viana, Eduardo Escudeiro"]
[Result "1-0"]
[WhiteElo "2059"]
[BlackElo "1848"]
[PlyCount "47"]
[EventDate "2005.08.03"]
[EventType "swiss"]
[EventRounds "9"]
[EventCountry "POR"]
[SourceTitle "CBM 107 Extra"]
[Source "ChessBase"]
[SourceDate "2005.09.01"]
[SourceVersion "1"]
[SourceVersionDate "2005.09.01"]
[SourceQuality "1"]

1. b3 e6 2. Bb2 c5 3. e3 d5 4. f4 Nf6 5. Nf3 a6 6. Be2 Be7 7. 0-0 0-0 8. Qe1 Nc6 9. d3 Qb6 10. Ne5 Nd7 11. Qg3 Ncxe5 12. fxe5 f5 13. Nd2 Qd8 14. Bf3 Bh4 15. Qh3 Qg5 16. g3 Qxe3+ 17. Rf2 Be7 18. Nf1 Qg5 19. Bc1 f4 20. Qxe6+ Kh8 21. Bxf4 Rxf4 22. Bxd5 Nf6 23. Qxe7 Rxf2 24. Qf8+ 1-0

[Event "Honra"]
[Site "Honra"]
[Date "2004.??.??"]
[Round "7"]
[White "Fanha, Paulo Alexandre Mar"]
[Black "Oliveira, Carlos Andre Ramalh"]
[Result "0-1"]
[WhiteElo "2030"]
[BlackElo "1985"]
[PlyCount "78"]
[EventDate "2004.??.??"]
[EventType "tourn"]
[EventRounds "7"]
[EventCountry "POR"]
[SourceTitle "EXT 2007"]
[Source "ChessBase"]
[SourceDate "2006.11.23"]
[SourceVersion "1"]
[SourceVersionDate "2006.11.23"]
[SourceQuality "1"]

1. Nf3 Nf6 2. g3 b6 3. Bg2 Bb7 4. 0-0 e6 5. c4 c5 6. Nc3 Be7 7. Qc2 Nc6 8. e4 Nd4 9. Qd3 h5 10. Nxd4 cxd4 11. Qxd4 Bc5 12. Qd3 h4 13. b4 Bxb4 14. e5 Bxg2 15. Kxg2 Bxc3 16. dxc3 Ng4 17. Qd4 Nh6 18. g4 h3+ 19. Kg1 Qh4 20. f3 Rc8 21. Rd1 Rc7 22. Ba3 f5 23. exf6 Qxf6 24. Qxf6 gxf6 25. Rd4 Rg8 26. Kf2 f5 27. Re1 fxg4 28. Bc1 Nf7 29. fxg4 Rc5 30. Kg3 Rc6 31. Kxh3 Nd6 32. g5 Nxc4 33. Kg4 e5 34. h4 Kf7 35. Rxd7+ Ke6 36. Rxa7 Nd6 37. Ra4 Rxc3 38. h5 Nf7 39. Rae4 Nh6+ 0-1

[Event "Monte Estoril op"]
[Site "Monte Estoril"]
[Date "2003.12.06"]
[Round "2"]
[White "Oliveira, Carlos Andre Ramalh"]
[Black "Sukhov, Andrey"]
[Result "0-1"]
[WhiteElo "2028"]
[BlackElo "1977"]
[PlyCount "42"]
[EventDate "2003.12.06"]
[EventType "swiss"]
[EventRounds "2"]
[EventCountry "POR"]
[SourceTitle "EXT 2005"]
[Source "ChessBase"]
[SourceDate "2004.11.15"]
[SourceVersion "1"]
[SourceVersionDate "2004.11.15"]
[SourceQuality "1"]

1. d4 Nf6 2. c4 e6 3. Nf3 b6 4. g3 Bb7 5. Bg2 Be7 6. 0-0 0-0 7. Nc3 Ne4 8. Ng5 Nxc3 9. Qc2 Nxe2+ 10. Qxe2 Bxg2 11. Kxg2 Bxg5 12. f4 Bf6 13. Be3 d5 14. g4 dxc4 15. g5 Qd5+ 16. Rf3 Bxd4 17. Rd1 c5 18. Kf1 Nc6 19. Rh3 Qf5 20. Qg2 Bxe3 21. Rxe3 Qxf4+ 0-1

[Event "POR-ch U16"]
[Site "Aveiro"]
[Date "2003.??.??"]
[Round "5"]
[White "Oliveira, Carlos Andre Ramalh"]
[Black "Castro, Henrique Manuel Fer"]
[Result "1-0"]
[WhiteElo "1800"]
[BlackElo "1770"]
[PlyCount "119"]
[EventDate "2003.??.??"]
[EventType "swiss"]
[EventRounds "7"]
[EventCountry "POR"]
[SourceTitle "EXT 2007"]
[Source "ChessBase"]
[SourceDate "2006.11.23"]
[SourceVersion "1"]
[SourceVersionDate "2006.11.23"]
[SourceQuality "1"]

1. Nf3 e6 2. c4 d5 3. g3 Nf6 4. Bg2 c5 5. 0-0 Nc6 6. cxd5 exd5 7. d4 Be6 8. Nc3 h6 9. b3 Be7 10. Bb2 0-0 11. dxc5 Bxc5 12. Rc1 Qe7 13. Nb5 Ne4 14. Nbd4 Rac8 15. Nxc6 bxc6 16. Nd4 Nf6 17. b4 Bxb4 18. Nxc6 Qb7 19. Nxb4 Rxc1 20. Qxc1 Qxb4 21. Ba3 Qa5 22. Bxf8 Kxf8 23. Qb2 Kg8 24. Rb1 Bf5 25. Rd1 Qa4 26. Qb3 Qxb3 27. axb3 Bc2 28. Ra1 Bxb3 29. Rxa7 g6 30. e3 g5 31. Bf1 Bc2 32. Bg2 Bf5 33. Kf1 Be6 34. Ke2 Kg7 35. Kd3 Ng4 36. f3 Nxh2 37. Ra1 g4 38. f4 Nf3 39. Ke2 Bf5 40. Bxf3 gxf3+ 41. Kxf3 Be4+ 42. Ke2 h5 43. Ra6 Bg2 44. Rd6 Be4 45. Kd2 f6 46. Kc3 Kg6 47. Rd8 Kf5 48. Rg8 Bf3 49. Kd4 Ke6 50. Kc5 Kf7 51. Rd8 Ke6 52. Rd6+ Kf5 53. Rb6 Kg4 54. Rxf6 Kxg3 55. Rg6+ Kh4 56. Kd4 Kh3 57. Ke5 h4 58. f5 Kh2 59. Rh6 h3 60. f6 1-0